| 000 | 02233nam a2200385 c 4500 | ||
|---|---|---|---|
| 003 | BLK | ||
| 005 | 20180420215418.0 | ||
| 008 | 180413b bul|||||r ||||||| ||bul|| | ||
| 010 | _aKNG00021022000 | ||
| 020 |
_a954-607-098-X _bиздат.: ЛИК |
||
| 040 | _aBLK | ||
| 041 |
_aBUL _cBUL |
||
| 080 |
_aНачални форми на власт. Исторически форми на власт и управление _b321.1 _x _z321.1 |
||
| 080 |
_aДържава. Структура на държавите - Държава като юридическа личност. Отличителни знаци (име, химн, герб, знаме). Политически дуализъм, федерализъм, административно-териториално разделение, съюз _b342.2 _x(091) _z342.2(091) |
||
| 100 | 1 |
_aХерцог, Роман _eпърви автор _9263346 |
|
| 700 | 1 |
_aКайтазов, Георги Стойчев _eпрев. от нем. _9255399 |
|
| 139 |
_aХерцог, Роман _bХ 44 |
||
| 245 | 1 | 0 |
_aДържавата през ранните времена _bПроизход и форми на управл. _cРоман Херцог; прев. от нем. Георги Стойчев Кайтазов. |
| 257 | _aDEU | ||
| 260 |
_аСофия _bЛИК _c1997 |
||
| 300 |
_a416 с. _c20 см |
||
| 380 | _a3 | ||
| 490 | 1 | _aБиблиотека Анали XX век | |
| 490 | 1 |
_3Подсерия _aСерия Власт и история |
|
| 500 | _aПрев. е по Staaten der Fruhzeit / Roman Herzog. - Съдържа и Указания към използваната литература м Справочник за използваните цитати. - Библиогр. с. 390-394 ; Геогр., именен показалец, показалец на понятията. | ||
| 650 | 4 |
_aДържава - история _9263347 |
|
| 650 | 4 |
_aДържавно управление - история _9263348 |
|
| 653 | _aдържавна власт | ||
| 653 | _aдържавно управление | ||
| 852 | _aЦб 194826 | ||
| 856 | 4 |
_qpdf _u |
|
| 856 | 4 |
_qpdf _u |
|
| 942 |
_cKNG _n0 |
||
| 944 |
_aCR _c15.01.2003 _kАДМИНИСТРАТОР_НА_АБ |
||
| 944 |
_aED _c17.06.2004 _k |
||
| 999 |
_c18938 _d18938 |
||